| 000 | 00960nam a22003610a 4500 | ||
|---|---|---|---|
| 001 | PT44934 | ||
| 003 | AR-LpoUNG | ||
| 005 | 20210131231034.0 | ||
| 008 | 191001s2009||||ag |||||||||||||||||spa d | ||
| 020 |
_a9789875455726 _c$22 |
||
| 040 |
_aAR-LpoUNG _bspa _cAR-LpoUNG _eaacr |
||
| 041 | _aspa | ||
| 044 | _aag | ||
| 082 | 0 | _a982.063 934per | |
| 100 | 1 | _aGuerrero, Alejandro | |
| 245 | 1 | 3 |
_aEl peronismo armado : _bde la resistencia a Montoneros, de la Libertadora al exterminio |
| 250 | _a1ra. ed. | ||
| 260 |
_aBuenos Aires : _bNorma, _c2009. |
||
| 300 |
_a700 p. : _bfot., tbls. |
||
| 650 | 4 | _aANALISIS HISTORICO | |
| 650 | 4 | _aARGENTINA | |
| 650 | 4 | _aGUERRILLEROS | |
| 650 | 4 | _aHISTORIA POLITICA | |
| 650 | 4 | _aIDEOLOGIAS POLITICAS | |
| 650 | 4 | _aIGLESIA CATOLICA | |
| 650 | 4 | _aPROBLEMAS SOCIALES | |
| 650 | 4 | _aREVOLUCION | |
| 651 | 4 | _aArgentina | |
| 653 | _aMONTONEROS | ||
| 653 | _aPERONISMO | ||
| 905 | _a44934 | ||
| 942 | _cFOTOC | ||
| 999 |
_c7626 _d7626 |
||